000 00816nam a2200265 ar4500
001 2492
003 OSt
005 20241020073931.0
008 110312s at a 00110 eng d
020 _a9780538452601(pbk) :
_cSR201.00
040 _cn
082 0 4 _a658.4013 Ev15 2011
_222
100 1 _aEvans, James R.
245 1 4 _aThe management and control of quality /
_cJames Evans, William Lindsay.
250 _a8th ed.
260 _aAustralia :
_bSouth-Western/Cengage Learning,
_c2011.
300 _axxiii, 743, [52] p. :
_bill. ;
_c26 cm.
500 _aIncludes bibl. references and index.
500 _aPrev. ed. : 2008.
650 4 _aQuality control.
650 4 _aQuality function development.
650 4 _aProduct management.
700 0 _aLindsay, William M.,
_ejt. author.
942 _2ddc
_cBK-EN
999 _c2490
_d2490